000 00304nam a2200133 i 4500
001 bgj
100 1 _aCOOLIDGE, Olivia.
245 0 _aGeorge Bernard Shaw /
_cOlivia Coolidge.
260 _aBoston,
_c1968.
040 _cBPK
041 _aeng
942 _cKS
008 s uk f |000 0 eng
999 _c47797
_d47797
856 _uhttp://koha.tu.koszalin.pl/cgi-bin/koha/opac-detail.pl?biblionumber=47797
_yKatalog online BPK